01069nam a22002777a 4500001000400000003000600004005001700010008004100027040003500068050001300103082001100116100002900127245002200156260003200178300002800210490005300238500011000291505000600401520021800407521001900625521001600644650003600660650001500696700001800711710006200729210FISKH20250213152951.0230306b cb ||||| |||| 00| 0 eng d aHQBcHQBdKRSdDLCdFISKHbeng aQC955.2  a551.551 aSchreiber, Ann.d(1947-)10aTwister trouble / aNew York bScholasticc2000 a76 p. :bill. ;c20 cm.0 aThe Magic School Bus science chapter book ; v #5 a"Based on The Magic School Bus books written by Joanna Cole and illustrated by Bruce Degen"-- T.p. verso. aK aWhile on their way to Weatherama Amusement Park to attend the Wild Weather Show, Ms. Frizzle and her class get a first-hand lesson in the forces of nature as they fly directly into the heart of a powerful tornado. a610 bLexile aKbRaz-Plus 0aTornadoesvJuvenile literature. 1aTornadoes.1 aSpeirs, John.2 aCopyright Paperback Collection (Library of Congress)5DLC